| 000 | 00452cam a2200181ua 4500 | ||
|---|---|---|---|
| 020 | _c3.00 | ||
| 041 |
_amal _h |
||
| 082 |
_a894.81209 _bNAR/MA |
||
| 100 | _aNarayanan, Kattumadam . | ||
| 245 |
_aMalayala natakangaliloode / _cKattumadam Narayanan. _hTextual Documents |
||
| 250 |
_a1 / _b. |
||
| 260 |
_aPalghat : _bUdaya publications , _c1966. |
||
| 300 | _a ; . | ||
| 365 | _a3.00 | ||
| 504 | _a | ||
| 942 | _cBK | ||
| 999 |
_c12887 _d12887 |
||